000 00449nam a2200181Ia 4500
001 3061
005 20260306144853.0
008 260306t2015||||xx |||||||||||||| ||spa||
041 _aESP
082 _a248.4
_bG26
100 _aGarreaud Indacochea, Emilio Julio
_eAUT
245 0 _aHistoria de una conversión:
_bla senda de Victor A. Belaúnde
260 _c2015
300 _a
_c
650 _aGEN
654 _aCHU
942 _cLIB
_dJUS
_fJUS
_2ddc
_n
999 _c3061
_d3061